<?xml version="1.0" encoding="UTF-8"?>
<collection xmlns="http://www.loc.gov/MARC21/slim">
 <record>
  <leader>01887cmm a2200289 a 4500</leader>
  <controlfield tag="001">1/27371</controlfield>
  <controlfield tag="007">co cga||||||||</controlfield>
  <controlfield tag="008">030210s2002    vau        m        eng  </controlfield>
  <datafield tag="020" ind1=" " ind2=" ">
   <subfield code="a">047127142X</subfield>
  </datafield>
  <datafield tag="035" ind1=" " ind2=" ">
   <subfield code="l">29231</subfield>
  </datafield>
  <datafield tag="082" ind1="1" ind2="0">
   <subfield code="a">CD-ROM 333.79 BOD</subfield>
  </datafield>
  <datafield tag="100" ind1="1" ind2=" ">
   <subfield code="a">Bodily, Samuel E.</subfield>
  </datafield>
  <datafield tag="245" ind1="1" ind2="0">
   <subfield code="a">Enron 1986-2001</subfield>
   <subfield code="h">[electronic resource] /</subfield>
   <subfield code="c">Samuel Bodily, Robert Bruner</subfield>
  </datafield>
  <datafield tag="246" ind1="1" ind2=" ">
   <subfield code="i">Τίτλος στη θήκη :</subfield>
   <subfield code="a">Multimedia case Enron 1986-2001</subfield>
  </datafield>
  <datafield tag="246" ind1="1" ind2=" ">
   <subfield code="i">Επίσης γνωστό με τίτλο :</subfield>
   <subfield code="a">Enron CD case from Darden School</subfield>
  </datafield>
  <datafield tag="250" ind1=" " ind2=" ">
   <subfield code="a">Student version 3.0.</subfield>
  </datafield>
  <datafield tag="260" ind1=" " ind2=" ">
   <subfield code="a">Charlottesville:</subfield>
   <subfield code="b">Darden School,</subfield>
   <subfield code="b">Distributed by Wiley,</subfield>
   <subfield code="c">2002</subfield>
  </datafield>
  <datafield tag="300" ind1=" " ind2=" ">
   <subfield code="a">1 CD-ROM :</subfield>
   <subfield code="b">sd., col. ;</subfield>
   <subfield code="c">4 3/4 in.</subfield>
  </datafield>
  <datafield tag="538" ind1=" " ind2=" ">
   <subfield code="a">Απαιτήσεις συστήματος: 266MHz Intel Pentium II; 32MB RAM; Windows 95 OSR2/98/Millenium/2000/XP/NT4 with Service pack 4; Netscape Navigator 4.06 or Internet Explorer 5.0; Windows Media Player v.7.0; Macromedia Flash v4.r25; 20MB free hard disk space; 16-bit sound card; color monitor (800 X 600 resolution with color settings of 16-bit or higher); 6X CD-ROM drive.</subfield>
  </datafield>
  <datafield tag="500" ind1=" " ind2=" ">
   <subfield code="a">Τίτλος από την ετικέτα</subfield>
  </datafield>
  <datafield tag="520" ind1=" " ind2=" ">
   <subfield code="a">Explores the rise and fall of the Enron Corporation. Examines strategy, innovation, and corporate transformation at Enron, while also raising the issues of corporate values, vision, and leadership. Includes exclusive videos of Enron executives, an interactive timeline of the company's downfall, reflections on why the company failed, and lessons learned.</subfield>
  </datafield>
  <datafield tag="610" ind1="2" ind2="0">
   <subfield code="a">Enron Corp.</subfield>
   <subfield code="x">History.</subfield>
  </datafield>
  <datafield tag="650" ind1=" " ind2="4">
   <subfield code="a">Energy industries</subfield>
   <subfield code="z">United States</subfield>
   <subfield code="x">History.</subfield>
  </datafield>
  <datafield tag="700" ind1="1" ind2=" ">
   <subfield code="a">Bruner, Robert F.,</subfield>
   <subfield code="d">1949-</subfield>
  </datafield>
  <datafield tag="710" ind1="2" ind2=" ">
   <subfield code="a">Colgate Darden Graduate School of Business Administration.</subfield>
  </datafield>
  <datafield tag="852" ind1=" " ind2=" ">
   <subfield code="a">INST</subfield>
   <subfield code="b">UNIPILB</subfield>
   <subfield code="c">MAIN</subfield>
   <subfield code="e">20050722</subfield>
   <subfield code="h">CD-ROM 333.79 BOD</subfield>
   <subfield code="p">00148943</subfield>
   <subfield code="q">00148943</subfield>
   <subfield code="t">LOAN</subfield>
   <subfield code="y">0</subfield>
   <subfield code="4">1</subfield>
  </datafield>
  <datafield tag="856" ind1="4" ind2=" ">
   <subfield code="d">/webopac/covers/02/29231_047127142X.jpg</subfield>
  </datafield>
 </record>
</collection>
